مرض القرن (الزهايمر) : العلاج بالتمارين الرياضية والترويح = Alzheimers Disease : Treatment by Sport and Recreation (Record no. 33538)
[ view plain ]
| 000 -LEADER | |
|---|---|
| fixed length control field | 00771nam a22001817a 4500 |
| 003 - CONTROL NUMBER IDENTIFIER | |
| control field | JO-AjAnu |
| 005 - DATE AND TIME OF LATEST TRANSACTION | |
| control field | 20240611123833.0 |
| 008 - FIXED-LENGTH DATA ELEMENTS--GENERAL INFORMATION | |
| fixed length control field | 240611b jo ||||| |||| 00| 0 ara d |
| 020 ## - INTERNATIONAL STANDARD BOOK NUMBER | |
| International Standard Book Number | 9789957653309 |
| 040 ## - CATALOGING SOURCE | |
| Original cataloging agency | JO-AjAnu |
| Language of cataloging | ara |
| Transcribing agency | JO-AjAnu |
| 041 0# - LANGUAGE CODE | |
| Language code of original | ara |
| 100 ## - MAIN ENTRY--PERSONAL NAME | |
| Personal name | بطوطة، ضاري |
| 9 (RLIN) | 65463 |
| Relator term | مؤلف |
| 245 ## - TITLE STATEMENT | |
| Title | مرض القرن (الزهايمر) : العلاج بالتمارين الرياضية والترويح = Alzheimers Disease <br/> : Treatment by Sport and Recreation |
| Statement of responsibility, etc. | / ضاري بطوطة ؛ سحر بطوطة |
| 260 ## - PUBLICATION, DISTRIBUTION, ETC. | |
| Place of publication, distribution, etc. | عمان: |
| Name of publisher, distributor, etc. | دار المعتز للنشر والتوزيع، |
| Date of publication, distribution, etc. | 2023 |
| 650 7# - SUBJECT ADDED ENTRY--TOPICAL TERM | |
| Form subdivision | العلاج بالتمارين-الزهايمر |
| 700 ## - ADDED ENTRY--PERSONAL NAME | |
| Personal name | سحر بطوطة |
| 9 (RLIN) | 65464 |
| Relator term | مؤلف مشارك |
| 942 ## - ADDED ENTRY ELEMENTS (KOHA) | |
| Source of classification or shelving scheme | Library of Congress Classification |
| Koha item type | Books |
| Suppress in OPAC | No |
| Withdrawn status | Lost status | Source of classification or shelving scheme | Damaged status | Not for loan | Home library | Current library | Date acquired | Total Checkouts | Full call number | Barcode | Date last seen | Price effective from | Koha item type |
|---|---|---|---|---|---|---|---|---|---|---|---|---|---|
| Library of Congress Classification | مكتبة جامعة عجلون الوطنية | مكتبة جامعة عجلون الوطنية | 11/06/2024 | RC523.2023 | A29882 | 11/06/2024 | 11/06/2024 | Books | |||||
| Library of Congress Classification | مكتبة جامعة عجلون الوطنية | مكتبة جامعة عجلون الوطنية | 11/06/2024 | RC523.2023 | A29883 | 11/06/2024 | 11/06/2024 | Books |